Quiz mythologique : Héra. - Statistiques

Statistiques générales
  • Ce quiz a été pris 230 fois
  • Le résultat moyen est 7 sur 13
Statistiques - réponses
Questions Réponses % Correct
Mari Zeus
98%
Père Cronos
93%
Quel héros tenta-t-elle de tuer en envoyant des serpents dans son berceau? Héraclès
86%
Mère Rhéa
86%
Nom romain Junon
84%
De quoi Héra est-elle la déesse? Mariage | Fécondité
78%
Selon certains mythes, elle aurait conçut cet enfant seule. Héphaïstos
54%
Quel animal la symbolise? Paon
48%
À quel héros apporte-t-elle particulièrement son soutient durant sa quête en Colchide? Jason
45%
Quel végétal la représente Lys | Grenade
29%
Quel est son principal attribut? Diadème | Sceptre
20%
De quel titan célèbre serait-elle le mère selon certains légendes? Prométhée
15%
Quelle ville antique grecque vénère tout particulièrement Héra? Argos
13%
Aucun quiz correspondant
Distribution des résultats
% des personnes avec chaque résultat
Percentile par nombre de réponses
Votre historique - résultats
Vous n’avez pas pris ce quiz